| 000 | 00479nmm a2200169Ia 4500 | ||
|---|---|---|---|
| 008 | 251105s9999||||xx |||||||||||||||||und|| | ||
| 020 | _a9788483931837 | ||
| 041 | _aspa | ||
| 100 | _aAparicio, Juan Pedro | ||
| 245 | 0 | _aLondon Calling | |
| 264 |
_a[Madrid, España] : _bEditorial Páginas de Espuma, _c2015 |
||
| 300 | _a130 páginas | ||
| 490 | _aVoces. Literatura | ||
| 650 | _aSpanish narrative | ||
| 856 | _uhttps://public.digitaliapublishing.com/a/44120 | ||
| 942 | _cCF | ||
| 999 |
_c86387 _d86387 |
||